000 00461nam a22001697a 4500
003 MACL
005 20160129160327.0
008 160129b xxu||||| |||| 00| 0 eng d
040 _cMACL
041 _aEnglish
082 _a820/KUS
100 _aKushwaha,M.S.
_935605
245 _aIndian Doctoral Dissertations in English Studies
260 _aNew Delhi
_bAtlantic Publishers and Distributors
_c2000
650 _aEnglish Literature
_935606
942 _2ddc
_cBK
999 _c52924
_d52924